| 000 | 01176cad a22002415a 4500 | ||
|---|---|---|---|
| 001 | L138036 | ||
| 008 | 070514s2007 xxkk f f f000 0 eng d | ||
| 035 | _a(Sirsi) u138036 | ||
| 041 | 0 | _aeng | |
| 110 | 1 |
_aUnited Kingdom _bCentral Office of Information _bDirectGov _95169 |
|
| 245 | 0 | 0 |
_aAsset rating template _h[electronic resource] |
| 260 |
_aLondon _bDCLG _c2007 |
||
| 520 | _aExcel spreadsheet provides assistance and graphics in order to produce asset rating graphs which are a required part of an Energy Performance Certificate. Includes instructions for use. Can be used to produce the Energy Efficiency Rating and Environmental Impact Rating graphs. | ||
| 590 | _aKA NTK | ||
| 650 | 2 | 4 | _aHOUSING ACT 2004 PART V |
| 650 | 2 | 4 | _aRESIDENTIAL ENERGY PERFORMANCE CERTIFICATES |
| 650 | 2 | 4 | _aHOME INFORMATION PACKS |
| 651 | 4 |
_aEngland and Wales _y1543- |
|
| 690 | _aPROPERTY-PROPERTY ACQUISITION AND DISPOSAL | ||
| 710 | 1 |
_aUnited Kingdom _bDepartment for Communities and Local Government _94939 |
|
| 856 | 4 | 0 |
_uhttps://www.homeinformationpack.gov.uk/industry/141_Other_publications.html _zView the item free of charge at www.homeinformationpack.gov.uk... |
| 942 | _n0 | ||
| 999 |
_c106978 _d106978 |
||